| 000 | 00645cam a2200217 a 4500 | ||
|---|---|---|---|
| 005 | 20160217161918.0 | ||
| 008 | 931027s19790000ck 0 spa d | ||
| 015 | _aSSS | ||
| 040 |
_aCO-BoPUJ _cCO-BoIAVH |
||
| 041 | _aspa | ||
| 082 | 0 | 4 |
_a382 _bP12p |
| 110 | 2 |
_aPacto Andino _960734 |
|
| 245 | 0 |
_aTextos fundamentales _cPacto Andino |
|
| 260 |
_aBogotá. _bCoLatina _c1979 |
||
| 300 |
_a347 paginas _c19 x 11 cm |
||
| 500 | _aColección Alfredo Vázquez Carrizosa. | ||
| 650 | 4 |
_aDeclaración de Bogotá _960735 |
|
| 650 | 4 |
_aPresidentes de america _960736 |
|
| 651 | 4 |
_aAmérica Latina _xIntegración Económica _960737 |
|
| 942 |
_2ddc _cLIBRO |
||
| 999 |
_c2297 _d2297 |
||